<?xml version="1.0" encoding="UTF-8"?>
<record
    xmlns:xsi="http://www.w3.org/2001/XMLSchema-instance"
    xsi:schemaLocation="http://www.loc.gov/MARC21/slim http://www.loc.gov/standards/marcxml/schema/MARC21slim.xsd"
    xmlns="http://www.loc.gov/MARC21/slim">

  <leader>01244nam a22002777a 4500</leader>
  <controlfield tag="001">4587</controlfield>
  <controlfield tag="003">DO-SdBPM</controlfield>
  <controlfield tag="005">20250123094539.0</controlfield>
  <controlfield tag="007">4587</controlfield>
  <controlfield tag="008">161206b 2007  ck 00| 0 spa d</controlfield>
  <datafield tag="020" ind1=" " ind2=" ">
    <subfield code="a">9789974802766</subfield>
  </datafield>
  <datafield tag="040" ind1=" " ind2=" ">
    <subfield code="a">DO-SdBPM</subfield>
    <subfield code="b">spa </subfield>
    <subfield code="c">BPMSU</subfield>
  </datafield>
  <datafield tag="082" ind1=" " ind2="4">
    <subfield code="a">745.5</subfield>
    <subfield code="b">C336m 2007</subfield>
    <subfield code="2">22</subfield>
  </datafield>
  <datafield tag="245" ind1="0" ind2="0">
    <subfield code="a">Manualidades y artesan&#xED;as para los peque&#xF1;os : </subfield>
    <subfield code="b">cascabeles /</subfield>
    <subfield code="c"> dise&#xF1;o, producci&#xF3;n y explicaci&#xF3;n de los trabajos Magda Acevedo ; ilustraciones especiales Diego Gelmetti.</subfield>
  </datafield>
  <datafield tag="260" ind1=" " ind2=" ">
    <subfield code="a">Uruguay : </subfield>
    <subfield code="b">Arquetipo Grupo Editorial,</subfield>
    <subfield code="c">2007</subfield>
  </datafield>
  <datafield tag="300" ind1=" " ind2=" ">
    <subfield code="a">2 v. :</subfield>
    <subfield code="b"> il. ;</subfield>
    <subfield code="c">29 cm.</subfield>
  </datafield>
  <datafield tag="505" ind1=" " ind2=" ">
    <subfield code="a"> v. 1 : Con indicaciones paso a paso : Mu&#xF1;ecas de lana ; T&#xED;teres divertidos ; Garda &#xDA;tiles ; Portarretratos ; Llamador de &#xE1;ngeles ; M&#xF3;viles mariposa ; Patalla para l&#xE1;mpara ; Velas de navidad ; v. 2: Con indicaciones paso a paso : Bolso con goma eva ; M&#xE1;scaras ; Agenda ; Porta CD ; Frascos decorados ; Souvenirs ; Pecera multicolor ; Tarjetas
</subfield>
  </datafield>
  <datafield tag="590" ind1=" " ind2=" ">
    <subfield code="a">Inventariado, 2025/VM</subfield>
  </datafield>
  <datafield tag="650" ind1=" " ind2="4">
    <subfield code="a">Trabajos manuales (educaci&#xF3;n )</subfield>
  </datafield>
  <datafield tag="650" ind1=" " ind2="4">
    <subfield code="a">Artesan&#xED;as </subfield>
  </datafield>
  <datafield tag="650" ind1=" " ind2="4">
    <subfield code="a"> Trabajos en papel</subfield>
  </datafield>
  <datafield tag="650" ind1=" " ind2="4">
    <subfield code="a">M&#xE1;scaras </subfield>
  </datafield>
  <datafield tag="700" ind1="1" ind2=" ">
    <subfield code="a">Acevedo, Magda.</subfield>
    <subfield code="e">producci&#xF3;n </subfield>
  </datafield>
  <datafield tag="910" ind1=" " ind2=" ">
    <subfield code="a">VMateo V. Control de calidad. BPMSU </subfield>
  </datafield>
  <datafield tag="942" ind1=" " ind2=" ">
    <subfield code="2">ddc</subfield>
    <subfield code="c">BK</subfield>
  </datafield>
  <datafield tag="952" ind1=" " ind2=" ">
    <subfield code="0">0</subfield>
    <subfield code="1">0</subfield>
    <subfield code="2">ddc</subfield>
    <subfield code="4">0</subfield>
    <subfield code="7">0</subfield>
    <subfield code="8">CI-G</subfield>
    <subfield code="a">BPMET</subfield>
    <subfield code="b">BPMET</subfield>
    <subfield code="d">2016-12-06</subfield>
    <subfield code="e">COMPRA</subfield>
    <subfield code="l">0</subfield>
    <subfield code="o">BPMSU CG 745.5 C336m 2007</subfield>
    <subfield code="p">BPMSU16120160</subfield>
    <subfield code="r">2016-12-06</subfield>
    <subfield code="t">v.1</subfield>
    <subfield code="w">2016-12-06</subfield>
    <subfield code="y">BK</subfield>
  </datafield>
  <datafield tag="952" ind1=" " ind2=" ">
    <subfield code="0">0</subfield>
    <subfield code="1">0</subfield>
    <subfield code="2">ddc</subfield>
    <subfield code="4">0</subfield>
    <subfield code="7">0</subfield>
    <subfield code="8">CI-G</subfield>
    <subfield code="a">BPMET</subfield>
    <subfield code="b">BPMET</subfield>
    <subfield code="d">2016-12-06</subfield>
    <subfield code="e">COMPRA</subfield>
    <subfield code="l">0</subfield>
    <subfield code="o">BPMSU CG 745.5 C336m 2007</subfield>
    <subfield code="p">BPMSU16120161</subfield>
    <subfield code="r">2016-12-06</subfield>
    <subfield code="t">v.2 </subfield>
    <subfield code="w">2016-12-06</subfield>
    <subfield code="y">BK</subfield>
  </datafield>
  <datafield tag="999" ind1=" " ind2=" ">
    <subfield code="c">12314</subfield>
    <subfield code="d">12314</subfield>
  </datafield>
</record>
